书目信息 |
| 题名: |
老许谈家装
|
|
| 作者: | 许瑞 著 | |
| 分册: | ||
| 出版信息: | 北京 中国商业出版社 2020.01 |
|
| 页数: | 186页 | |
| 开本: | 24cm | |
| 丛书名: | ||
| 单 册: | ||
| 中图分类: | TU241.02 | |
| 科图分类: | ||
| 主题词: | 住宅--zhu zhai--室内装饰设计 | |
| 电子资源: | ||
| ISBN: | 978-7-5208-1073-9 | |
| 000 | 00857nam0 2200229 450 | |
| 001 | 2059780877 | |
| 005 | 20201107163633.63 | |
| 010 | @a978-7-5208-1073-9@dCNY48.00 | |
| 100 | @a20200327d2020 em y0chiy50 ea | |
| 101 | 0 | @achi |
| 102 | @aCN@b110000 | |
| 105 | @ay z 000yy | |
| 200 | 1 | @a老许谈家装@Alao xu tan jia zhuang@f许瑞著 |
| 210 | @a北京@c中国商业出版社@d2020.01 | |
| 215 | @a186页@d24cm | |
| 314 | @a许瑞, 南京大学管理系统工程专业毕业。 | |
| 330 | @a本书从家装行业的痛点引入, 讲述了笔者最近几年的心得, 然后从设计管理、人力经营、客户服务等角度阐述了企业的发展路径 ; 最后, 对装企发展和生死的思考予以阐释。相信懂得学习, 善于学习, 坚持学习, 未来家装市场的前途也必将一片光明! | |
| 606 | 0 | @a住宅@Azhu zhai@x室内装饰设计 |
| 690 | @aTU241.02@v5 | |
| 701 | 0 | @a许瑞@Axu rui@4著 |
| 801 | 0 | @aCN@b人天书店@c20200929 |
| 905 | @aZUCC@dTU241.02@eX883 | |
| 老许谈家装/许瑞著.-北京:中国商业出版社,2020.01 |
| 186页;24cm |
| ISBN 978-7-5208-1073-9:CNY48.00 |
| 本书从家装行业的痛点引入, 讲述了笔者最近几年的心得, 然后从设计管理、人力经营、客户服务等角度阐述了企业的发展路径 ; 最后, 对装企发展和生死的思考予以阐释。相信懂得学习, 善于学习, 坚持学习, 未来家装市场的前途也必将一片光明! |
| ● |
| 相关链接 |
|
|
|
正题名:老许谈家装
索取号:TU241.02/X883
 
预约/预借
| 序号 | 登录号 | 条形码 | 馆藏地/架位号 | 状态 | 备注 |
| 1 | 1486335 | 214863352 | 建筑库101/101建筑库 63排4列4层/ [索取号:TU241.02/X883] | 在馆 | |
| 2 | 1486336 | 214863361 | 建筑库101/101建筑库 63排4列4层/ [索取号:TU241.02/X883] | 在馆 |